[Event "FRA-chT U20 0304"]
[Site "France"]
[Date "2004.05.01"]
[Round "9"]
[White "Bollard, Maxime"]
[Black "Toullec, Renan"]
[Result "1-0"]
[WhiteElo "1740"]
[BlackElo "1420"]
[PlyCount "39"]
[EventDate "2003.11.??"]
[EventType "team"]
[EventRounds "11"]
[EventCountry "FRA"]
[SourceTitle "EXT 2005"]
[Source "ChessBase"]
[SourceDate "2004.11.15"]
[SourceVersion "1"]
[SourceVersionDate "2004.11.15"]
[SourceQuality "1"]
[WhiteTeam "Agneaux Saint Lo"]
[BlackTeam "Toulouse"]
[WhiteTeamCountry "FRA"]
[BlackTeamCountry "FRA"]

1. d4 d5 2. Nf3 Nf6 3. e3 e6 4. Bd3 c5 5. c3 Nc6 6. Nbd2 Bd7 7. 0-0 Be7 8. dxc5 Bxc5 9. e4 dxe4 10. Nxe4 Nxe4 11. Bxe4 0-0 12. Bxh7+ Kxh7 13. Ng5+ Kg6 14. Qd3+ Kf6 15. Ne4+ Ke7 16. Nxc5 Rh8 17. Bf4 Qc8 18. Qd6+ Ke8 19. Rad1 b6 20. Nxd7 1-0

[Event "FRA-chT U20 0304"]
[Site "France"]
[Date "2004.??.??"]
[Round "6"]
[White "Dourerassou, Cynthia"]
[Black "Bollard, Maxime"]
[Result "1-0"]
[WhiteElo "1610"]
[BlackElo "1740"]
[PlyCount "55"]
[EventDate "2003.11.??"]
[EventType "team"]
[EventRounds "11"]
[EventCountry "FRA"]
[SourceTitle "EXT 2005"]
[Source "ChessBase"]
[SourceDate "2004.11.15"]
[SourceVersion "1"]
[SourceVersionDate "2004.11.15"]
[SourceQuality "1"]
[WhiteTeam "Creteil"]
[BlackTeam "Agneaux Saint Lo"]
[WhiteTeamCountry "FRA"]
[BlackTeamCountry "FRA"]

1. e4 c5 2. Nf3 d6 3. d4 cxd4 4. Nxd4 Nf6 5. Nc3 e6 6. Bd3 a6 7. 0-0 b5 8. a3 Bb7 9. f3 Nbd7 10. Qe1 Rc8 11. Bd2 g6 12. f4 Qe7 13. e5 dxe5 14. fxe5 Ng4 15. Qg3 Ngxe5 16. Bf4 Bg7 17. Rf2 Qd8 18. Raf1 0-0 19. Bg5 Qe8 20. Ne4 Nxd3 21. Nd6 Nxf2 22. Qxf2 h6 23. Nxe8 Rcxe8 24. Bd2 Rd8 25. Bb4 Nb8 26. c3 Bxd4 27. cxd4 Bd5 28. Bxf8 1-0

[Event "FRA-chT U20 0203"]
[Site "Clichy"]
[Date "2002.12.01"]
[Round "3.5"]
[White "Bollard, Maxime"]
[Black "Agrech, Laure"]
[Result "1-0"]
[WhiteElo "1530"]
[BlackElo "1460"]
[PlyCount "151"]
[EventDate "2002.12.??"]
[EventType "team"]
[EventRounds "11"]
[EventCountry "FRA"]
[SourceTitle "EXT 2004"]
[Source "ChessBase"]
[SourceDate "2003.11.25"]
[SourceVersion "1"]
[SourceVersionDate "2003.11.25"]
[SourceQuality "1"]
[WhiteTeam "Agneaux Saint Lo"]
[BlackTeam "Neuilly"]
[WhiteTeamCountry "FRA"]
[BlackTeamCountry "FRA"]

1. e4 e5 2. Nf3 Nc6 3. d4 exd4 4. Bc4 Nf6 5. Ng5 d5 6. exd5 Nxd5 7. 0-0 Be7 8. Re1 0-0 9. Nxh7 Re8 10. Ng5 Bxg5 11. Rxe8+ Qxe8 12. Bxg5 Qe5 13. Bh4 Na5 14. Bg3 Nf4 15. Na3 Nxc4 16. Nxc4 Qf6 17. Qd2 Ne6 18. Rd1 c5 19. b4 b6 20. bxc5 bxc5 21. Rb1 Ba6 22. Nd6 c4 23. Ne4 Qf5 24. Nd6 Qd5 25. c3 d3 26. Qd1 Rd8 27. Qf3 Qxf3 28. gxf3 Ng5 29. Kg2 Bc8 30. h4 Ne6 31. Nxc4 Ba6 32. Nd2 Nc5 33. Rb4 Bb7 34. Rg4 Bd5 35. a3 Nb3 36. Bf4 Rc8 37. Nxb3 Bxb3 38. Bd2 a5 39. Rd4 Bc2 40. Kg3 Re8 41. Be3 Rb8 42. c4 Rb3 43. c5 Rxa3 44. Bd2 a4 45. c6 Bb3 46. Rxd3 Ra2 47. Bb4 Be6 48. Rc3 Rb2 49. Bd6 Rb6 50. Kf4 Bd7 51. cxd7 Rxd6 52. Rc8+ Kh7 53. d8Q Rxd8 54. Rxd8 a3 55. Ra8 a2 56. Rxa2 Kh6 57. Kg4 g6 58. Ra5 f5+ 59. Rxf5 gxf5+ 60. Kxf5 Kh5 61. Ke6 Kxh4 62. f4 Kh3 63. f5 Kg2 64. f6 Kxf2 65. f7 Ke3 66. f8Q Kd3 67. Qf4 Kc3 68. Qe4 Kd2 69. Qf3 Kc2 70. Qe3 Kb2 71. Qd3 Kc1 72. Qe2 Kb1 73. Kd5 Kc1 74. Kc4 Kb1 75. Kc3 Ka1 76. Qb2# 1-0

[Event "FRA-chT U20 0203"]
[Site "Clichy"]
[Date "2002.11.30"]
[Round "1.5"]
[White "Blancho, Gwenael"]
[Black "Bollard, Maxime"]
[Result "1-0"]
[WhiteElo "1550"]
[BlackElo "1530"]
[PlyCount "97"]
[EventDate "2002.12.??"]
[EventType "team"]
[EventRounds "11"]
[EventCountry "FRA"]
[SourceTitle "EXT 2004"]
[Source "ChessBase"]
[SourceDate "2003.11.25"]
[SourceVersion "1"]
[SourceVersionDate "2003.11.25"]
[SourceQuality "1"]
[WhiteTeam "Sautron"]
[BlackTeam "Agneaux Saint Lo"]
[WhiteTeamCountry "FRA"]
[BlackTeamCountry "FRA"]

1. e4 e6 2. d4 d5 3. Nc3 Bb4 4. e5 c5 5. a3 Bxc3+ 6. bxc3 Ne7 7. Qg4 0-0 8. Bd3 f5 9. exf6 Rxf6 10. Bg5 Rf7 11. Qh4 g6 12. Bxe7 Rxe7 13. Nf3 c4 14. Be2 Nc6 15. Qg3 Qa5 16. Nd2 e5 17. dxe5 Rxe5 18. h4 Bf5 19. Kf1 d4 20. Nxc4 Qxc3 21. Qxc3 dxc3 22. Nxe5 Nxe5 23. Rc1 Rd8 24. f4 Ng4 25. Bxg4 Bxg4 26. g3 Rd2 27. Kg1 Bf5 28. Rh2 Rd4 29. Kf1 Ra4 30. Ra1 b5 31. Rb1 Rxa3 32. Rxb5 Ra1+ 33. Ke2 Bxc2 34. Rc5 Ra2 35. Ke3 Bb3 36. Rxa2 Bxa2 37. Rxc3 a6 38. Kd4 Be6 39. Rc6 Bg4 40. Rxa6 Kg7 41. Ke5 Kh6 42. Kf6 Bf5 43. Ra7 Bc2 44. g4 Bd3 45. g5+ Kh5 46. Rxh7+ Kg4 47. Rg7 Kxf4 48. Rxg6 Bxg6 49. Kxg6 1-0

[Event "Plancoet op 2nd"]
[Site "Plancoet"]
[Date "2002.07.30"]
[Round "5.27"]
[White "Letourneur, Arthur"]
[Black "Bollard, Maxime"]
[Result "1-0"]
[WhiteElo "1790"]
[BlackElo "1550"]
[PlyCount "109"]
[EventDate "2002.07.23"]
[EventType "swiss"]
[EventRounds "9"]
[EventCountry "FRA"]
[SourceTitle "EXT 2003"]
[Source "ChessBase"]
[SourceDate "2002.11.25"]
[SourceVersion "1"]
[SourceVersionDate "2002.11.25"]
[SourceQuality "1"]

1. e4 d6 2. d4 Nf6 3. Nc3 Nbd7 4. Nf3 e5 5. dxe5 dxe5 6. Bb5 c6 7. Bc4 h6 8. a3 Be7 9. 0-0 Qb6 10. Be3 Qc7 11. Qe2 0-0 12. Nh4 Nc5 13. Ng6 Re8 14. Nxe7+ Qxe7 15. f3 b5 16. Ba2 Be6 17. Qf2 Ncd7 18. Bxe6 Qxe6 19. Bxa7 Nf8 20. Be3 Ng6 21. Rad1 Nh5 22. Ne2 Qc4 23. c3 Rad8 24. Rb1 Ne7 25. Ng3 Nxg3 26. Qxg3 Ng6 27. Qf2 Qd3 28. Bb6 Rd7 29. Qe3 Qd6 30. Bc5 Qf6 31. Qf2 Nf4 32. Be3 Nd3 33. Qe2 Nf4 34. Bxf4 Qxf4 35. Rfd1 Red8 36. Rxd7 Rxd7 37. Rd1 Rxd1+ 38. Qxd1 Qe3+ 39. Kf1 Qf4 40. h3 f5 41. exf5 Qxf5 42. Qe2 Kh8 43. Qe4 Qe6 44. f4 Qf6 45. Qxe5 Qd8 46. Qd4 Qe7 47. Qb4 Qd8 48. Qd4 Qe7 49. Qe5 Qd8 50. Ke2 Qh4 51. Qe8+ Kh7 52. Qxc6 Qxf4 53. Qf3 Qc4+ 54. Qd3+ Qxd3+ 55. Kxd3 1-0